Prediktory manažérskej práce

Pojmy manažment a manažovanie. Práca manažéra. Systémové mechanizmy (paradigmy). Zoznam prediktorov.

Salvato in:
Dettagli Bibliografici
Autore principale: Mizla, Martin, 1955-
Natura: Capitolo di libro
Lingua:slovacco
Soggetti:
Tags: Aggiungi Tag
Nessun Tag, puoi essere il primo ad aggiungerne!!

MARC

LEADER 00000naa$a2200000$$$4500
001 0281426
005 20240502083905.0
041 0 |a slo 
044 |a PL 
245 1 0 |a Prediktory manažérskej práce  |c Martin Mizla 
520 |a Pojmy manažment a manažovanie. Práca manažéra. Systémové mechanizmy (paradigmy). Zoznam prediktorov. 
610 2 0 |a manažment 
610 2 0 |a manažéri 
610 2 0 |a inteligencia emocionálna 
610 2 0 |a inteligencia sociálna 
100 1 |a Mizla, Martin, 1955-